000 01003nam a22002297a 4500
005 20160205160116.0
008 090109t xxu||||| |||| 00| 0urd d
010 _aUR-9290
020 _c200.00
_a978-9350735015
035 _aU-7845
037 _bDBAD/PUB
040 _aDPL
_burdu
082 _a844.40
100 _912785
_a محمد ا يو ب خا ن:محمد ا سلم
245 _aّّّّّّّّنئ نسل کا نما ءند ہ ا فسا نہ نگا ر:سا لک جميل بر ا ڑ
_c محمد ا يو ب خا ن:محمد ا سلم
246 _aNai Nasal ka Numainda Afsana Nigar Salik Jameel Brar
_bEd. By Mohd. Ayyub Khan And Mohd Aslam
260 _aد ھلی
_bا يجو کيشنل پبليشنگ ہا ؤ س
_c2015 ء
270 _a3191،Street Vakil Kucha Pandit Lal Kuan,
_bDelhi
_e110006
_k23216162
300 _a136ص
_c22 cm(hb)
700 _954088
_aتر تیب و تہز یب : محمد فہیم ا ختر ند و ی
942 _2ddc
_cUR
_h844.40
_mم ح م
999 _c98828
_d98828